000 00617nam a22001817a 4500
003 UA-OsUOA
001 14828
007 ta
008 20031020b un ||||| |||| 00| 0 ukr d
100 _aАндрійчук С.
942 _cSA
040 _aUA-OsUOA
_cUA-OsUOA
_dUA-OsUOA
245 _a"ЛІТА" по північному
_b[У мікрорайоні Рівного "Північний" відкрився торг. центр "Літа"]
300 _aС.5
955 _a0
773 0 _w0
_tОго
_dРівне
_d2003
_g№144/28 серп./
650 7 _aКраєзнавча робота
_2UDC
999 _c300992
_d300992